| 000 | 00395nam a2200145Ia 4500 | ||
|---|---|---|---|
| 008 | 230312s9999||||xx |||||||||||||| ||und|| | ||
| 020 | _a9781118898093 | ||
| 082 |
_a005.54 _bNEL-E |
||
| 100 | _aHarwood,Martin | ||
| 245 | 0 | _aLanding page optimization for dummies | |
| 260 |
_bWiley _aUSA _c2014 |
||
| 300 | _a346 | ||
| 650 |
_aComputer _vCOMPUTERS Desktop Applications Spreadsheets |
||
| 942 | _cBK | ||
| 999 |
_c18201 _d18201 |
||